| 000 | 00638nam a22001577a 4500 | ||
|---|---|---|---|
| 008 | 130821s1842 fr gr fre | ||
| 040 |
_aCo-BoUCM _bspa |
||
| 041 | 0 | 0 | _afre |
| 100 |
_aJuan Crisostomo,Santo, 344-407 _92006 |
||
| 245 | 0 | 0 |
_aOpera Omnia _bCastigata ad Manuscriptus, Codices Gallicos, Vaticanos, Anglicanos, Germanicos, etc. Monje de la orden de San Benito Monje de la orden de San Benito _cSan Juan Crisóstomo |
| 260 |
_aParís (Francia) _bVico Dicto Montrouge _c1842 |
||
| 300 | _a13 en 8 vol. | ||
| 500 | _aNotas al pie del texto | ||
| 942 |
_cLIBRO _a4 _e1 _mJ81 _n0 _2DEWEY _h220 |
||
| 999 |
_c85996 _d85996 |
||